|
|
|
|
| LEADER |
00000naa2a2200000 4500 |
| 001 |
605522 |
| 005 |
20240206101805.0 |
| 035 |
|
|
|a (RuTPU)RU\TPU\conf\2824
|
| 035 |
|
|
|a RU\TPU\conf\2818
|
| 090 |
|
|
|a 605522
|
| 100 |
|
|
|a 20140417d2013 k y0rusy50 ca
|
| 101 |
0 |
|
|a rus
|
| 102 |
|
|
|a RU
|
| 105 |
|
|
|a y z 101zy
|
| 135 |
|
|
|a drnn ---uucaa
|
| 181 |
|
0 |
|a i
|
| 182 |
|
0 |
|a b
|
| 200 |
1 |
|
|a Анализ эффективности применения методов увеличения нефтеотдачи пластов на Западно-Лениногорской площади Ромашкинского месторождения
|f Нгуен Динь Тхинь, Чан Нгуен Лонг
|g науч. рук. Н. Э. Пулькина
|
| 203 |
|
|
|a Текст
|c электронный
|
| 225 |
1 |
|
|a Техническое направление
|
| 300 |
|
|
|a Заглавие с титульного экрана
|
| 320 |
|
|
|a [Библиогр.: с. 316 (2 назв.)]
|
| 337 |
|
|
|a Adobe Reader
|
| 461 |
|
1 |
|0 (RuTPU)RU\TPU\conf\71
|t Научная инициатива иностранных студентов и аспирантов российских вузов
|o сборник докладов VI Всероссийской научно-практической конференции, Томск, 24-26 апреля 2013 г.
|f Ассоциация иностранных студентов в России (АИС); Национальный исследовательский Томский политехнический университет (ТПУ), Институт международного образования и языковой коммуникации (ИМОЯК)
|o в 2 т.
|d 2013
|
| 463 |
|
1 |
|0 (RuTPU)RU\TPU\conf\72
|t Т. 1
|v [С. 312-316]
|d 2013
|
| 610 |
1 |
|
|a труды учёных ТПУ
|
| 610 |
1 |
|
|a электронный ресурс
|
| 610 |
1 |
|
|a эффективность
|
| 610 |
1 |
|
|a нефтеотдача
|
| 610 |
1 |
|
|a пласты
|
| 610 |
1 |
|
|a Ромашкинское месторождение
|
| 700 |
|
0 |
|a Нгуен Динь Тхинь
|
| 701 |
|
0 |
|a Чан Нгуен Лонг
|
| 702 |
|
1 |
|a Пулькина
|b Н. Э.
|c специалист в области нефтегазового дела
|c старший преподаватель Томского политехнического университета
|f 1965-
|g Наталья Эдуардовна
|4 727
|9 14031
|
| 712 |
0 |
2 |
|a Национальный исследовательский Томский политехнический университет (ТПУ)
|b Институт природных ресурсов (ИПР)
|b Кафедра геологии и разработки нефтяных месторождений (ГРНМ)
|3 (RuTPU)RU\TPU\col\18657
|
| 801 |
|
2 |
|a RU
|b 63413507
|c 20230320
|g RCR
|
| 856 |
4 |
|
|u http://www.lib.tpu.ru/fulltext/c/2013/C19/V1/055.pdf
|
| 942 |
|
|
|c BK
|